Tratado teórico-práctico de canto gregoriano (Record no. 166798)

MARC details
000 -LEADER
campo de control de longitud fija 00910nam a2200217 i 4500
001 - NÚMERO DE CONTROL
campo de control 166798
003 - IDENTIFICADOR DE NÚMERO DE CONTROL
campo de control ES-MaACL
005 - FECHA Y HORA DE LA ÚLTIMA TRANSACCIÓN
campo de control 20251129063054.0
008 - DATOS DE LONGITUD FIJA--INFORMACIÓN GENERAL
campo de control de longitud fija 940206s1890 sp g |||| | spa d
100 1# - ENTRADA PRINCIPAL--NOMBRE DE PERSONA
Nombre de persona Uriarte, Eustoquio de,
Fechas asociadas al nombre 1863-1900
9 (RLIN) 165105
245 10 - MENCIÓN DEL TÍTULO
Título Tratado teórico-práctico de canto gregoriano
Resto del título : según la verdadera tradición /
Mención de responsabilidad, etc. por el P. Eustoquio de Uriarte de la Orden de San Agustín.
260 ## - PUBLICACIÓN, DISTRIBUCIÓN, ETC.
Lugar de publicación, distribución, etc. Madrid :
Nombre del editor, distribuidor, etc. [s.n.],
Fecha de publicación, distribución, etc. 1890 (
Fabricante Imp. Luis Aguado)
300 ## - DESCRIPCIÓN FÍSICA
Extensión XI, 216, [4] p. ;
Dimensiones 22 cm.
530 ## - NOTA DISPONIBLE DE FORMULARIO FÍSICO ADICIONAL
Nota de formato físico adicional disponible Disponible en formato digital.
650 #4 - PUNTO DE ACCESO ADICIONAL DE MATERIA--TÉRMINO DE MATERIA
Término de materia o nombre geográfico como elemento de entrada Canto gregoriano.
9 (RLIN) 10754
700 1# - ENTRADA AGREGADA--NOMBRE PERSONAL
Nombre de persona Aguado, Luis.
9 (RLIN) 125557
752 ## - ENTRADA AGREGADA--NOMBRE JERÁRQUICO DEL LUGAR
País o entidad superior España -
Ciudad Madrid
852 ## - LOCALIZACIÓN
Ubicación ES-MaACL
Número de control de estantería G-11455
Nota libre . - Dedicatoria autógrafa del autor
condición física - Ejemp. falto de cub. post.
856 ## - LOCALIZACIÓN Y ACCESO ELECTRÓNICOS
Identificador Uniforme de Recursos <a href="http://bdh-rd.bne.es/viewer.vm?id=0000084503&page=1 ">http://bdh-rd.bne.es/viewer.vm?id=0000084503&page=1 </a>
Nota pública Biblioteca Digital Hispánica
Holdings
Estatus retirado Estado de pérdida Estado de daño No para préstamo Colección Biblioteca de origen Biblioteca actual Ubicación en estantería Fecha de adquisición Fuente de adquisición Total de préstamos Signatura topográfica completa Código de barras Visto por última vez Precio de reemplazo Tipo de ítem Koha
        Colección digital Biblioteca del Ateneo de Madrid Biblioteca del Ateneo de Madrid Sala Pecera Planta 3 17/01/2008     G-11455 1174950 23/02/2023 23/02/2023 Libro impreso antiguo